000 00895cem a22002295a 4500
001 L140380
008 070920r19251585xxk a 0 f eng u
035 _a(Sirsi) u140380
041 0 _aeng
110 2 _aLondon Topographical Society
_9106
245 0 2 _aA Map drawn in 1585 to illustrate a lawsuit concerning Geldings Close
_h[cartographic material]
250 _aFacsim.
255 _aScale 1:1980
260 _aLondon
_bLondon Topographical Society
_c1925
300 _a1 map
_c61 x 79 cm. +
_e1 sheet (25 cm.)
500 _aA facsimile of the original map by R. Tiswell dating from 1585, which shows the area between St Martin's Lane and Bond Street.
500 _aItem is accompanied by a sheet containing notes on the map.
651 4 _aLondon
690 _aENVIRONMENTAL AND LAND CONSULTANCY-GEOMATICS-MAPPING AND POSITIONING-CARTOGRAPHY
700 1 _aTiswell, R.
942 _n0
999 _c116857
_d116857